000 00629nam a2200145Ia 4500
008 170221s9999 xx 000 0 und d
100 _aManvender Kaur Sarjit Singh
245 4 _aThe Structural Linguistics Patterns of the Written Component of the Malaysian University English Test (MUET)
245 _cManvender Kaur Sarjit Singh, Sarimah Shamsudin, Hishamuddin Isam, Naginder Kaur, Gurmit Singh Pertap Singh, Anita Kanestion
260 _bInternational Review of Management and Marketing
260 _c2016
300 _a6 : 7S
650 _xMarketing.
856 _uhttp://www.econjournals.com/index.php/irmm/issue/view/91
999 _c308600
_d308600